Demon Slayer Breathing Forms - Statistics

General Stats
  • This quiz has been taken 143 times
  • The average score is 20 of 109
Answer Stats
Hint Answer % Correct
Water Breathing Second Form Water wheel
76%
Thunder Breathing First Form Thunderclap and Flash
73%
Water Breathing Eleventh Form Dead Calm
61%
Flame Breathing Ninth Form Rengoku
48%
Sun Breathing First Form Dance
44%
Water Breathing First Form Water surface slash
42%
Water Breathing Tenth Form Constant Flux
39%
Water Breathing Sixth Form Whirlpool
39%
First Form extension Godspeed
38%
Water Breathing Fourth Form Striking Tide
38%
Water Breathing Eighth Form Waterfall basin
37%
First Form extension Sixfold
35%
Flame Breathing Fifth Form Flame tiger
34%
Water Breathing Fifth Form Blessed rain after the drought
32%
First Form extension Eightfold
32%
Sun Breathing Eleventh Form Fake rainbow
31%
Water Breathing Third Form Flowing Dance
31%
Water Breathing Seventh Form Drop ripple thrust
28%
Thunder Breathing Seventh Form God of Fire Thunder
28%
Beast Breathing Second Fang Slice
28%
Water Breathing Second FormImproved Lateral water wheel
27%
Flame Breathing Second Form Rising scorching sun
27%
Stone Breathing Third Form Stone skin
27%
Flame Breathing First Form Unknowing fire
25%
Flame Breathing Third Form Blazing Universe
24%
Insect Breathing Butterfly Dance Caprice
24%
Sun Breathing Fourth Form Burning bones, summer sun
23%
Serpent Breathing Third Form Coil choke
23%
Serpent Breathing Fifth Form Slithering serpent
23%
Sun Breathing Eighth Form Sunflower thrust
23%
Beast Breathing Eighth Fang Explosive rush
21%
Sun Breathing Tenth Form Fire wheel
21%
Beast Breathing First Fang Pierce
21%
Sound Breathing First Form Roar
21%
Love Breathing First Form Shivers of first love
21%
Beast Breathing Fourth Fang Slice 'n' dice
21%
Flower Breathing Final Form Equinoctial Vermillion Eye
20%
Beast Breathing Sixth Fang Palisade bite
20%
Thunder Breathing Second Form Rice spirit
20%
Beast Breathing Seventh Fang Spatial Awareness
20%
Water Breathing Ninth Form Splashing water flow, turbulent
20%
Beast Breathing Fifth Fang Crazy Cutting
18%
Thunder Breathing Fourth Form Distant thunder
18%
Mist Breathing Seventh Form Obscuring clouds
18%
Water Breathing Fourth FormImproved Striking Tide, Turbulent
18%
Sound Breathing Fifth Form String performance
18%
Flame Breathing Fourth Form Blooming flame undulation
17%
Sun Breathing Second Form Clear blue sky
17%
Beast Breathing Third Fang Devour
17%
Dance of the Dragonfly Compound eye hexagon
15%
Mist Breathing Second Form Eight-layered mist
15%
Love Breathing Second Form Love pangs
15%
Wind Breathing Fourth Form Rising dust storm
15%
Love Breathing Third Form Catlove shower
14%
Sound Breathing Fourth Form Constant resounding slashes
14%
Sun Breathing Twelfth Form Flame dance
14%
Thunder Breathing Fifth Form Heat lightning
14%
Sun Breathing Third Form Raging sun
14%
Thunder Breathing Sixth Form Rumble and flash
14%
Sun Breathing First Form,Modified Dancing flash
13%
Flower Breathing Second Form Honorable shadow plum
13%
Dance of the Centipede Hundred-Legged zigzag
13%
Mist Breathing Fifth Form Sea of clouds and haze
13%
Sun Breathing Fifth Form Setting sun transformation
13%
Sun Breathing Ninth Form Sun halo dragon head dance
13%
Sun Breathing Final Form Thirteenth Form
13%
Serpent Breathing Fourth Form Twin-Headed reptile
13%
Serpent Breathing Second Form Venom fangs of the narrow head
13%
Serpent Breathing First Form Winding serpent slash
13%
Flower Breathing Fourth Form Crimson hanagoromo
11%
Moon Breathing First Form Dark moon, evening palace
11%
Dance of the Horsefly Enticing slash
11%
Mist Breathing First Form Low clouds, distant haze
11%
Love Breathing Fifth Form Swaying love, wildclaw
11%
Thunder Breathing Third Form Thunder swarm
11%
Dance of the Bee Sting True flutter
11%
Wind Breathing Second Form Claws-Purifying wind
10%
Wind Breathing First Form Dust whirlwind cutter
10%
Moon Breathing Sixteenth Form Moonbow, half moon
10%
Moon Breathing Eighth Form Moon-Dragon ringtail
10%
Flower Breathing Fifth Form Peonies of futility
10%
Wind Breathing Eighth Form Primary gale slash
10%
Flower Breathing Sixth Form Whirling peach
10%
Stone Breathing Fifth Form Arcs of Justice
8%
Love Breathing Sixth Form Cat-Legged winds of love
8%
Wind Breathing Fifth Form Cold mountain wind
8%
Moon Breathing Tenth Form Drilling slashes, moon throughbamboo leaves
8%
Beast Breathing Ninth Fang Extending bendy slash
8%
Mist Breathing Sixth Form Lunar dispersing mist
8%
Moon Breathing Seventh Form Mirror of misfortune, moonlit
8%
Moon Breathing Second Form Pearl flower moongazing
8%
Mist Breathing Third Form Scattering mist splash
8%
Mist Breathing Fourth Form Shifting flow slash
8%
Sun Breathing Sixth Form Solar heat haze
8%
Stone Breathing Second Form Upper smash
8%
Moon Breathing Ninth Form Waning Moonswaths
8%
Wind Breathing Sixth Form Black wind mountain mist
7%
Moon Breathing Fourteenth Form Catastrophe, tenman crescentmoon
7%
Wind Breathing Ninth Form Idaten typhoon
7%
Moon Breathing Third Form Loathsome moon, chains
7%
Moon Breathing Fifth Form Moon spirit calamitous eddy
7%
Stone Breathing First Form Serpentinite bipolar
7%
Beast Breathing Eleventh Fang Sudden throwing strike
7%
Stone Breathing Fourth Form Volcanic rock, rapid conquest
7%
Beast Breathing Tenth Fang Whirling fangs
7%
Sun Breathing Seventh Form Beneficent radiance
6%
Moon Breathing Sixth Form Perpetual night, lonely moon-incessant
6%
Wind Breathing Seventh Form Gale, sudden gusts
4%
Wind Breathing Third Form Clean storm wind tree
3%
No matching quizzes found
Score Distribution
Percent of People with Each Score
Percentile by Number Answered
Your Score History
You have not taken this quiz